000 00320nam a2200121Ia 4500
008 240112s1965-66 xx 000 0 und d
041 _aeng
082 _a616.05
100 _aBEESON P.S.
245 _aTHE YEAR BOOK OF MEDICINE: YEAR BOOK SERIES
260 _bTHE YEAR BOOK PUB CHICAGO
_c1965-66
300 _a830,HB
999 _c1140934
_d1140934